Estatísticas para Países com Mais Fronteiras

Clique aqui para jogar o quiz

Estatísticas Gerais

  • Esse quiz foi jogado 4 092 vezes
  • A pontuação média é 12 de 20

Estatísticas das Respostas

# FronteirasPaís% Correto
9 (10)Brasil
98%
14Rússia
97%
14China
96%
9Alemanha
82%
7Índia
82%
9República Democrática do Congo
75%
8 (11)França
74%
7Polônia
59%
7Irã
59%
7Ucrânia
58%
7Níger
56%
7Arábia Saudita
54%
8Áustria
53%
7Sudão
52%
8Turquia
49%
7Hungria
49%
8Sérvia
49%
7Mali
38%
8Zâmbia
27%
8Tanzânia
22%

Distribuição das Pontuações

Percentil de Números Respondidos

Porcentagem de Pessoas com Cada Pontuação

Sua Pontuação Histórica

Você não jogou esse quiz